[Event "2017 South African Open Ch"]
[Site "Durban"]
[Date "2017.07.22"]
[Round "11"]
[White "Naidu, Sayen"]
[Black "Mnguni, Jacob Dumisani"]
[Result "0-1"]
[WhiteElo "1865"]
[BlackElo "2147"]
[Annotator "TA"]
[PlyCount "106"]
[EventDate "2017.??.??"]
[EventCountry "RSA"]
[SourceTitle "playchess.com"]
[Source "ChessBase"]
[SourceQuality "1"]

{[%evp 15,106,35,50,2,29,19,45,9,27,-31,0,-3,0,-25,16,20,87,40,48,-24,141,105,125,0,0,-93,118,-26,-26,-22,0,-72,171,171,310,293,612,507,960,966,964,949,925,939,874,668,671,637,6195,2270,29998,765,1369,1376,1361,1274,1192,964,962,940,934,931,939,918,1360,1287,2311,2311,29984,1285,1146,729,29986,29987,29987,29985,6422,5779,29989,29983,2762,1643,1647,1573,1599,1587,1586,1412,4794,0,0,0,0]} 1. e4 g6 2. d4 Bg7 3. Nc3 d6 4. f4 e6 5. Nf3 Ne7 6. Bd3 a6 {B06: Modern Defence} 7. Be3 Nd7 {[%cal Bb8d7,Bd7f6,Bf6d5,Bd5e3][%mdl 32]} 8. Qd2 b5 {LiveBook: 15 Games. White is slightly better.} 9. Qf2 $146 ({Predecessor:} 9. O-O-O Nf6 10. a3 Rb8 11. h3 O-O 12. g4 Bb7 13. g5 Nh5 14. Rhg1 a5 15. Nxb5 Bxe4 16. Bxe4 Rxb5 {0-1 (25) Gil,M (2603)-Mehlhorn,U (2513) ICCF email 2010}) 9... Nf6 10. h3 Bb7 $1 11. e5 Nfd5 12. h4 (12. Nxd5 $11 Nxd5 13. Bd2) 12... Nxe3 13. Qxe3 h5 14. O-O-O Rc8 15. Ng5 d5 (15... b4 $11 {keeps the balance.} 16. Nce4 O-O) 16. g4 hxg4 17. h5 (17. Qg1 $14) 17... Nf5 $2 ({Better is} 17... gxh5 $11 18. f5 Nxf5 19. Bxf5 exf5) 18. Qg1 $36 {[%mdl 2048] Strongly threatening hxg6. White is in control.} gxh5 19. Bxf5 (19. Ne2 $1 $16) 19... exf5 $11 20. e6 (20. Re1 $11) 20... Qd6 $2 (20... fxe6 $17 {keeps the pressure on. ...Rh6 is the strong threat.} 21. Re1 e5 $1 {[%mdl 512]}) 21. exf7+ (21. Nxf7 $16 Qxf4+ 22. Kb1) 21... Kd7 22. Qe3 h4 {Hoping for ...Rcf8.} 23. Rhe1 (23. Rde1 $1 $11 {remains equal.} c5 24. Ne6 Bxd4 25. Nxd4 cxd4 26. Qxd4) 23... Bf6 $2 (23... Rcf8 $17 24. Ne6 Rxf7 25. Nc5+ Kc6) 24. Ne6 $18 {Black must now prevent Nc5+.} Kc6 (24... h3 $142) 25. Qd3 Rh5 $2 (25... h3 26. Qxf5 Bh4) 26. a4 Qb4 (26... Kb6 $142 27. axb5 Ka7 28. bxa6 Qxa6 29. Qxa6+ Bxa6 30. Nxd5 Rh6 31. Ndxc7 h3 32. Nxa6 Kxa6 33. Nc7+ Ka5) 27. axb5+ axb5 28. f8=Q Rxf8 29. Nxf8 {White wants to mate with Re6+.} Bc8 30. Ne6 {[%cal Bf8e6,Be6c5,Bc5b3,Bb3a5,Ba5c6][%mdl 32]} h3 31. Nc5 h2 32. Qe2 {White threatens Qe6+! and mate.} Rh8 {[#]} 33. Qg2 (33. Qe6+ $142 $1 {[%mdl 512]} Bxe6 34. Rxe6#) 33... Qc4 34. Nb3 Kb6 35. Nxd5+ Ka7 36. Nxf6 Bb7 37. d5 Qxf4+ 38. Kb1 g3 39. Na5 Ba8 40. Nc6+ Kb6 41. Nd7+ Kb7 42. Nc5+ (42. Qe2 $142 Qc4 43. Na5+ Kc8 44. Nxc4 h1=Q 45. Rxh1 Rg8 46. Ncb6+ $1 {[%mdl 512]} Kb7 47. Qxb5) 42... Kb6 43. Ne6 Qd6 44. Qd2 Bxc6 45. Qd4+ Ka6 46. Qxh8 g2 47. Qc8+ Bb7 48. Qxc7 Qxc7 49. Nxc7+ Kb6 50. d6 {Threatening mate with d7.} h1=Q 51. d7 ({Less strong is} 51. Rxh1 gxh1=R 52. Rxh1 Bxh1 $18) 51... Qxe1 {[#]} 52. d8=Q $2 ({Only move:} 52. Na8+ $1 $18 {[%mdl 512]} Kc6 (52... Bxa8 53. d8=Q+) 53. d8=N+ (53. Rxe1 Kxd7 54. Nb6+ Kc7 $14) 53... Kc5 54. Nxb7+ Kc6 55. Nd8+ Kc5 56. Rxe1) 52... g1=Q $11 53. Nd5+ Ka7 $1 {[%mdl 32768] Precision: White = 38%, Black = 19%. . Sensor Board Error (Ke4/e5)?} 0-1

[Event "2017 South African Open Ch"]
[Site "Durban"]
[Date "2017.07.22"]
[Round "11"]
[White "Pesa, Mofoka A"]
[Black "Salimu, Reuben"]
[Result "1-0"]
[WhiteElo "1799"]
[BlackElo "1968"]
[Annotator "NA RC"]
[PlyCount "145"]
[EventDate "2017.??.??"]
[EventCountry "RSA"]
[SourceTitle "playchess.com"]
[Source "ChessBase"]
[SourceQuality "1"]
[TimeControl "5400+30"]

{[%evp 12,116,3,16,32767,32767,32767,32767,32767,4,16,20,27,15,65,50,58,32767,81,32767,79,68,32767,32767,32767,53,32767,63,32767,65,60,63,93,56,70,16,84,26,16,0,0,32767,32767,32767,32767,49,39,32767,74,32767,36,0,0,32767,32767,32767,32767,32767,32767,-95,-77,-87,-78,-93,-36,-22,-15,-39,-20,-33,-15,-62,-17,-44,-45,-46,-44,-103,32767,-123,-118,-97,-149,-176,-85,-89,-90,-127,-40,0,-26,-28,0,-79,0,32767,32767,-693,32767,32767,32767,32767,32767,-899,32767,32767,-864]} 1. e4 {[%emt 0:00:00]} e5 {[%emt 0:00:49]} 2. Nf3 {[%emt 0:00:00]} Nc6 {[%emt 0:00:09]} 3. Bb5 {[%emt 0:00:00]} Nf6 {[%emt 0:00:10]} 4. d3 {[%emt 0:00:20]} Bc5 {[%emt 0:00:21]} 5. O-O {[%emt 0:00:12]} d6 {[%emt 0:00:20]} 6. h3 {[%emt 0:00:03]} O-O {[%emt 0:00:18]} 7. c3 {[%emt 0:00:29]} a6 {[%emt 0:05:14] C65: Ruy Lopez: Berlin Defence (3...Nf6), unusual lines and 4 0-0 Bc5} 8. Ba4 {[%emt 0:00:02]} Ba7 {[%emt 0:00:37]} 9. Re1 {[%emt 0:00:32]} Ne7 {[%emt 0:01:40]} 10. Nbd2 {[%emt 0:01:16]} Ng6 {[%emt 0:00:10]} 11. Nf1 {[%emt 0:00:09]} Nh5 {[%emt 0:01:31] LiveBook: 14 Games} (11... c6 12. Ng3 {½-½ (12) Grischuk,A (2750)-Tomashevsky,E (2696) Moscow 2017}) 12. d4 {[%emt 0:01:40]} Qe7 {[%emt 0:05:06]} (12... Nhf4 $11) 13. Bc2 $146 {[%emt 0:02:11]} (13. Bg5 $5 {[%cal Rg5e7]} f6 14. Be3 $14) ({Predecessor:} 13. Be3 Ngf4 14. Ng3 Nxg3 15. fxg3 {1-0 (27) Alekseev,E (2642)-Iljiushenok,I (2491) St Petersburg 2015}) 13... Nhf4 {[%emt 0:00:56]} 14. Ng3 {[%emt 0:01:04]} Qf6 {[%emt 0:03:48]} 15. Nf5 {[%emt 0:01:51]} h6 {[%emt 0:05:09]} 16. Kh2 {[%emt 0:01:28]} Re8 {[%emt 0:03:34]} 17. Be3 {[%emt 0:04:31]} c6 {[%emt 0:11:18]} 18. Qd2 {[%emt 0:02:27]} Bb8 {[%emt 0:17:33]} 19. g3 {[%emt 0:07:39]} Ne6 {[%emt 0:12:09]} 20. dxe5 {[%emt 0:05:00]} dxe5 {[%emt 0:00:42]} 21. Rad1 {[%emt 0:00:20]} Nef8 {[%emt 0:01:25]} 22. Kg2 {[%emt 0:01:28]} Bc7 {[%emt 0:00:44]} 23. h4 {[%emt 0:02:25]} Be6 {[%emt 0:14:44] [#]} (23... Bxf5 $11 24. exf5 e4) 24. h5 {[%emt 0:02:30]} ({White should play} 24. Bc5 $1 $16) 24... Rad8 {[%emt 0:04:35]} 25. Qc1 {[%emt 0:00:58]} Ne7 {[%emt 0:01:38]} 26. g4 {[%emt 0:00:52]} Rxd1 {[%emt 0:00:26]} 27. Rxd1 {[%emt 0:00:02]} Nxf5 {[%emt 0:00:41]} 28. gxf5 {[%emt 0:01:33]} Bc8 {[%emt 0:00:37]} 29. Rg1 {[%emt 0:00:23]} Nd7 {[%emt 0:01:21]} 30. Kh1 {[%emt 0:01:25]} Kf8 {[%emt 0:00:23]} 31. c4 {[%emt 0:01:06]} Bb6 {[%emt 0:00:19]} 32. Rd1 {[%emt 0:02:02]} Bxe3 {[%emt 0:00:30]} 33. Qxe3 {[%emt 0:00:03]} Qe7 {[%emt 0:00:41]} 34. Nh2 {[%emt 0:06:23]} Nf6 {[%emt 0:01:16]} 35. Qe2 {[%emt 0:08:04]} (35. c5 $15) 35... Rd8 {[%emt 0:01:24]} 36. a3 {[%emt 0:03:06]} Rxd1+ {[%emt 0:01:12]} 37. Qxd1 {[%emt 0:00:08]} Qd7 {[%emt 0:00:14]} 38. Qxd7 $1 {[%emt 0:01:47]} Nxd7 {[%emt 0:00:19]} 39. Ng4 {[%emt 0:02:11]} f6 {[%emt 0:00:38]} 40. Kg2 {[%emt 0:01:24]} Ke7 {[%emt 0:00:09]} 41. Kf3 {[%emt 0:00:40]} Kd6 {[%emt 0:00:12]} 42. b4 {[%emt 0:01:09]} c5 {[%emt 0:00:15]} 43. Ne3 {[%emt 0:00:09]} Nb6 {[%emt 0:00:42]} 44. Bb3 {[%emt 0:00:21]} (44. Bd1 $15) 44... Bd7 {[%emt 0:00:32]} 45. Kg4 {[%emt 0:09:49]} Be8 {[%emt 0:01:13]} 46. Bd1 {[%emt 0:03:26]} Bf7 {[%emt 0:01:37]} 47. Bb3 {[%emt 0:03:11]} Kc6 {[%emt 0:01:45]} 48. b5+ {[%emt 0:01:35]} Kd6 {[%emt 0:00:02]} 49. a4 {[%emt 0:00:59] [#]} axb5 {[%emt 0:00:20]} (49... Nc8 $1 $17) 50. axb5 {[%emt 0:00:02]} Kc7 {[%emt 0:01:52]} 51. Nd5+ $1 {[%emt 0:04:52]} Bxd5 {[%emt 0:00:34]} 52. exd5 {[%emt 0:00:03]} Nc8 {[%emt 0:00:39]} 53. f4 {[%emt 0:03:42]} e4 {[%emt 0:00:19]} 54. Kg3 {[%emt 0:01:47]} (54. Bd1 $142 Nd6 55. Be2) 54... Nd6 {[%emt 0:00:25]} 55. Kf2 {[%emt 0:00:14]} Nxf5 {[%emt 0:00:58]} 56. Bc2 {[%emt 0:00:24]} Nd6 {[%emt 0:00:01]} 57. f5 $19 {[%emt 0:03:04]} Nxc4 {[%emt 0:01:38]} 58. Bxe4 {[%emt 0:00:08]} Kd6 {[%emt 0:00:32]} 59. Ke2 {[%emt 0:01:28]} Nb6 {[%emt 0:00:14]} 60. Kd3 {[%emt 0:01:25]} Ke5 {[%emt 0:00:23]} 61. d6 {[%emt 0:01:06]} c4+ {[%emt 0:00:33]} 62. Ke3 {[%emt 0:00:13]} Kxd6 {[%emt 0:00:10]} 63. Kd4 {[%emt 0:01:57]} c3 {[%emt 0:00:50]} 64. Kxc3 {[%emt 0:00:55]} Kc5 {[%emt 0:00:07]} 65. Bxb7 {[%emt 0:00:15]} Kxb5 {[%emt 0:00:06]} 66. Kd4 {[%emt 0:00:28]} Nc4 {[%emt 0:02:00]} 67. Ba6+ {[%emt 0:01:51]} Kxa6 {[%emt 0:00:07]} 68. Kxc4 {[%emt 0:00:08]} Kb6 {[%emt 0:00:06]} 69. Kd5 {[%emt 0:00:09]} Kc7 {[%emt 0:01:10]} 70. Ke6 {[%emt 0:00:06]} Kd8 {[%emt 0:00:27]} 71. Kf7 {[%emt 0:00:11]} Kd7 {[%emt 0:00:22]} 72. Kxg7 {[%emt 0:00:19]} Ke7 {[%emt 0:00:06]} 73. Kg6 {[%emt 0:00:29]} 1-0